<?xml version="1.0" encoding="UTF-8"?>
<record
    xmlns:xsi="http://www.w3.org/2001/XMLSchema-instance"
    xsi:schemaLocation="http://www.loc.gov/MARC21/slim http://www.loc.gov/standards/marcxml/schema/MARC21slim.xsd"
    xmlns="http://www.loc.gov/MARC21/slim">

  <leader>01713nam a22001457a 4500</leader>
  <datafield tag="999" ind1=" " ind2=" ">
    <subfield code="c">530965</subfield>
    <subfield code="d">530965</subfield>
  </datafield>
  <controlfield tag="008">250722b           ||||| |||| 00| 0 eng d</controlfield>
  <datafield tag="100" ind1=" " ind2=" ">
    <subfield code="a">Atalay, Serde </subfield>
    <subfield code="9">55512</subfield>
  </datafield>
  <datafield tag="245" ind1=" " ind2=" ">
    <subfield code="a">Housing and social control: Reassessing the protection asymmetries of article 8 of the European convention on human rights</subfield>
  </datafield>
  <datafield tag="260" ind1=" " ind2=" ">
    <subfield code="a">Social &amp; Legal Studies  </subfield>
  </datafield>
  <datafield tag="300" ind1=" " ind2=" ">
    <subfield code="a">34(3), Jun, 2025: p.361-380</subfield>
  </datafield>
  <datafield tag="520" ind1=" " ind2=" ">
    <subfield code="a">This article explores how the right to respect one's home under Article 8 of the European Convention on Human Rights would apply in the context of housing and social control. After explaining the connections between social control, housing, and human rights, it analyzes the selected case law of the European Court of Human Rights on Article 8 in certain cases concerning housing with a view to understanding the protection asymmetries inherent to the provision, and what that would entail for the employment of social control in the sphere of housing. These protection asymmetries are identified between, first, the homeless/inadequately housed and those with a home, and second, with regard to the latter, between lawful occupiers and unlawful occupiers. The examination is conducted, first, by analyzing the Court's interpretation of the definitional scope of Article 8 and its exclusion, in principle, of the provision of housing therefrom, and second, by looking at the application of Article 8 in public eviction cases.- Reproduced 

https://journals.sagepub.com/doi/full/10.1177/09646639241232416
</subfield>
  </datafield>
  <datafield tag="650" ind1=" " ind2=" ">
    <subfield code="a">Right to respect for one&#x2019;s home, Article 8, ECHR, ECTHR, Housing, Home, Social control, Eviction, Homelessness, Power, Discretion. </subfield>
    <subfield code="9">55513</subfield>
  </datafield>
  <datafield tag="773" ind1=" " ind2=" ">
    <subfield code="a">Social &amp; Legal Studies  </subfield>
  </datafield>
  <datafield tag="942" ind1=" " ind2=" ">
    <subfield code="c">AR</subfield>
  </datafield>
  <datafield tag="952" ind1=" " ind2=" ">
    <subfield code="0">0</subfield>
    <subfield code="1">0</subfield>
    <subfield code="2">ddc</subfield>
    <subfield code="4">0</subfield>
    <subfield code="7">0</subfield>
    <subfield code="9">406164</subfield>
    <subfield code="a">IIPA</subfield>
    <subfield code="b">IIPA</subfield>
    <subfield code="d">2025-07-22</subfield>
    <subfield code="h">34(3), Jun, 2025: p.361-380</subfield>
    <subfield code="p">AR136685</subfield>
    <subfield code="r">2025-07-22</subfield>
    <subfield code="y">AR</subfield>
  </datafield>
</record>
